ENCYCLOPEDIA OF EMBROIDERY (Record no. 581491)
[ view plain ]
| 000 -LEADER | |
|---|---|
| fixed length control field | 00327nam a22001337a 4500 |
| 020 ## - INTERNATIONAL STANDARD BOOK NUMBER | |
| International Standard Book Number | 435-035-90472 |
| 082 ## - DEWEY DECIMAL CLASSIFICATION NUMBER | |
| Classification number | 746.4403 ENC |
| 100 ## - MAIN ENTRY--PERSONAL NAME | |
| Personal name | GOLDEN HANDS |
| 9 (RLIN) | 76067 |
| 245 ## - TITLE STATEMENT | |
| Title | ENCYCLOPEDIA OF EMBROIDERY |
| 260 ## - PUBLICATION, DISTRIBUTION, ETC. | |
| Place of publication, distribution, etc. | LONDON |
| Name of publisher, distributor, etc. | COLLINS GLASGOW |
| Date of publication, distribution, etc. | 1977 |
| 300 ## - PHYSICAL DESCRIPTION | |
| Extent | 225P |
| 650 ## - SUBJECT ADDED ENTRY--TOPICAL TERM | |
| Topical term or geographic name entry element | CANVAS WORK EMBROIDERY |
| 9 (RLIN) | 76068 |
| 942 ## - ADDED ENTRY ELEMENTS (KOHA) | |
| Koha item type | Book |
| Withdrawn status | Lost status | Damaged status | Not for loan | Permanent Location | Current Location | Shelving location | Date acquired | Total Checkouts | Full call number | Barcode | Date last seen | Price effective from | Koha item type |
|---|---|---|---|---|---|---|---|---|---|---|---|---|---|
| College of Electrical & Mechanical Engineering (CEME) | College of Electrical & Mechanical Engineering (CEME) | General Stacks | 05/25/2017 | 746.4403 ENC | CEME-11426 | 06/28/2021 | 06/28/2021 | Book |
